Capitals of South African Provinces - Statistics

General Stats
  • This quiz has been taken 326 times
  • The average score is 6 of 9
Answer Stats
Province Population Capital % Correct
Gauteng 7,860,781 Johannesburg
98%
Western Cape 3,430,992 Cape Town
97%
Free State 464,591 Bloemfontein
82%
KwaZulu-Natal 475,238 Pietermaritzburg
66%
Northern Cape 225,155 Kimberley
58%
Limpopo 227,407 Polokwane
51%
Eastern Cape 77,682 Bhisho
37%
Mpumalanga 58,672 Mbombela
36%
North West 64,359 Mahikeng
33%
No matching quizzes found
Score Distribution
Percent of People with Each Score
Percentile by Number Answered
Your Score History
You have not taken this quiz